Berliner Bezirke - Statistiken

Allgemein
  • Dieses Quiz wurde 261 mal gespielt
  • Das Durchschnittsergebnis liegt bei 2 aus 6
Answers on the Grid
Answers color-coded by a green-red scale on the quiz's grid according to % correct below.
Steglitz-Zehlendorf
Pankow
Friedrichshain-Kreuzberg
Charlottenburg-Wilmersdorf
Neukölln
Reinickendorf
Tempelhof-Schöneberg
Marzahn-Hellersdorf
Treptow-Köpenick
Spandau
Mitte
Lichtenberg
 
Antwortstatistiken
Antwort % Korrekt
Pankow
65%
Neukölln
51%
Mitte
34%
Charlottenburg-Wilmersdorf
31%
Tempelhof-Schöneberg
19%
Lichtenberg
10%
Keine übereinstimmenden Quizze gefunden
Verteilung der Resultate
Anzahl Personen mit jedem Resultat
Perzentil nach korrekt beantworteten Fragen
Ihre Resultats-Entwicklung
Sie haben dieses Quiz noch nicht gespielt